000
00316nam a22001457a 4500
008
210312b ||||| |||| 00| 0 eng d
020
_a
9780321002105
041
_a
eng
080
_2
3rd
_a
316
082
_a
316
100
_a
50
101
_a
SOC
245
_a
Society on Focus
_c
Thompson, W. E
942
_2
udc
_c
BK
999
_c
56525
_d
56525